Welcome to CU Library Online Public Access Catalogue (OPAC)

LIVING ABOUNDANTLY; (Record no. 7044)

MARC details
000 -LEADER
fixed length control field 00326nam a22001337a 4500
005 - DATE AND TIME OF LATEST TRANSACTION
control field 20250718114742.0
008 - FIXED-LENGTH DATA ELEMENTS--GENERAL INFORMATION
fixed length control field 250718b |||||||| |||| 00| 0 eng d
050 ## - LIBRARY OF CONGRESS CALL NUMBER
Classification number BS2695
Item number .3 EPP
100 ## - MAIN ENTRY--PERSONAL NAME
Personal name EPP H. THEODORE
245 ## - TITLE STATEMENT
Title LIVING ABOUNDANTLY;
Remainder of title STUDIES IN EPHESIANS
250 ## - EDITION STATEMENT
Edition statement VOL 2
300 ## - PHYSICAL DESCRIPTION
Extent 112p
942 ## - ADDED ENTRY ELEMENTS (KOHA)
Source of classification or shelving scheme Library of Congress Classification
Koha item type Books
Suppress in OPAC No
999 ## -
-- 7044
-- 7044
Holdings
Withdrawn status Lost status Source of classification or shelving scheme Damaged status Not for loan Collection Home library Current library Shelving location Date acquired Total checkouts Full call number Barcode Date last seen Copy number Price effective from Koha item type
    Library of Congress Classification     Non-fiction Undergraduate Library (Christ Temple) Undergraduate Library (Christ Temple) General stacks 07/18/2025   BS2695.3 EPP ulct00003951 07/18/2025 1 07/18/2025 Books
© 2023-2024 Copyright: Central University Libraries. All Rights Reserved | Created by: Mahone Tech Office